LEADER 01569 am 22004933u 450 001 9910245738403321 005 20211214053001.0 035 $a(CKB)3710000000929271 035 $a(Au-PeEL)EBL4659179 035 $a(CaPaEBR)ebr11294775 035 $a(CaONFJC)MIL968699 035 $a(OCoLC)962453381 035 $a(MiAaPQ)EBC4659179 035 $a(EXLCZ)993710000000929271 100 $a20161114h20162016 uy 0 101 0 $aeng 135 $aurcnu|||||||| 181 $2rdacontent 182 $2rdamedia 183 $2rdacarrier 200 10$aManual on the human rights to safe drinking water and sanitation for water and sanitation practitioners /$fRobert Bos ; contributor, David Alves [and five others] 210 1$aLondon, England :$cIWA Publishing,$d2016. 210 4$dİ2016 215 $a1 online resource (120 pages) $cillustrations (some color), photographs 311 $a1-78040-743-2 311 $a1-78040-744-0 320 $aIncludes bibliographical references. 606 $aRight to water 606 $aDrinking water 606 $aHuman rights 608 $aElectronic books. 615 0$aRight to water. 615 0$aDrinking water. 615 0$aHuman rights. 676 $a346.0432 700 $aBos$b Robert$0871444 702 $aAlves$b David 801 0$bMiAaPQ 801 1$bMiAaPQ 801 2$bMiAaPQ 906 $aBOOK 912 $a9910245738403321 996 $aManual on the human rights to safe drinking water and sanitation for water and sanitation practitioners$91962156 997 $aUNINA LEADER 00592ojm 2200181z- 450 001 9910159652603321 010 $a2-8211-0083-3 035 $a(CKB)3710000001020187 035 $a(EXLCZ)993710000001020187 100 $a20231107c2014uuuu -u- - 101 0 $aeng 200 14$aLes 17 plus belles fables la Fontaine : Les plus beaux contes pour enfants 210 $cCompagnie Du Savior 517 $a17 plus belles fables la Fontaine 906 $aAUDIO 912 $a9910159652603321 996 $aLes 17 plus belles fables la Fontaine : Les plus beaux contes pour enfants$93589447 997 $aUNINA